[Ekonomický rast a štruktúrne zmeny]

Recenzia na publikáciu Ekonomický rast a štruktúrne zmeny. Kniha pozostáva z dvoch častí a je venovaná problematike ekonomického rozvoja, ekonomického rastu a otázkam štrukturálnych zmien.

Gespeichert in:
Bibliographische Detailangaben
1. Verfasser: Havettová, Miroslava
Format: Buchkapitel
Sprache:Slowakisch
Schlagworte:
Tags: Tag hinzufügen
Keine Tags, Fügen Sie das erste Tag hinzu!

MARC

LEADER 00000naa$a2200000$$$4500
001 0090371
005 20240502072017.6
041 0 |a slo 
044 |a SK 
245 1 0 |a [Ekonomický rast a štruktúrne zmeny]  |c Miroslava Havettová 
520 |a Recenzia na publikáciu Ekonomický rast a štruktúrne zmeny. Kniha pozostáva z dvoch častí a je venovaná problematike ekonomického rozvoja, ekonomického rastu a otázkam štrukturálnych zmien. 
610 2 0 |a rast hospodársky 
610 2 0 |a recenzie 
610 2 0 |a politika štruktúrna 
610 2 0 |a reformy štruktúrne 
100 1 |a Havettová, Miroslava